01100nab a22002297a 4500999001500000003000400015005001700019008004100036040000700077100002400084245010800108260007300216300001300289500004500302505017000347505008900517650003200606650003900638650003000677773015000707942001300857 c5521d5521OSt20251211122212.0190604e xxu||||| |||| 00| 0 spa d cPJ aOcampo, Pilar9650213aEl silencio positivo en la Ley de Procedimientos Administrativos y su reglamentación /cPilar Ocampo. aCiudad Autónoma de Buenos Aires :bThomson Reuters La Ley, c2025. ap. 19-26 aCita Online: TR LALEY AR/DOC/1476/2025.  aSumario: I. Introducción.— II. Ámbito de aplicación.— III. Configuración del silencio positivo.— IV. Efectos del silencio positivo.— V. Conclusiones. t¿Te interesa el texto completo? Solicitalo al correo: koha@justierradelfuego.gov.ar 09211aDERECHO ADMINISTRATIVO 091135aPROCEDIMIENTO ADMINISTRATIVO 091171aACTO ADMINISTRATIVO0 0271493171dCiudad Autónoma de Buenos Aires : Thomson Reuters La Ley, 2014-tRevista anales de legislación argentina. Nº 11- Noviembre 2025. 2udccANA